Największe Wyspy Świata - Statystyki

Ogólne statystyki
  • Ten quiz został rozwiązany 117 razy
  • Średni wynik to 6 z 15
Statystyki odpowiedzi
Nazwy Wysp % Poprawnych
Grenlandia
89%
Madagaskar
82%
Wielka Brytania
81%
Borneo
53%
Jawa
48%
Honsiu
44%
Sumatra
43%
Nowa Gwinea
36%
Wyspa Południowa
26%
Wyspa Północna
25%
Celebes
24%
Ziemia Baffina
19%
Nowa Fundlandia
6%
Wiktorii
5%
Ellesmere'a
4%
Nie znaleziono quizów pasujących do podanych kryteriów
Rozkład punktacji
Procent ludzi z każdym wynikiem
Percentyl według liczby udzielonych odpowiedzi
Twoja historia wyników
Nie rozwiązałeś tego quizu